Ion Quiz - Statistics

General Stats
  • This quiz has been taken 3 times
  • The average score is 14 of 30
Answer Stats
Name Ion % Correct
Barium Ba+2
100%
Chloride Cl-
100%
Potassium K+1
100%
Lithium Li+1
100%
Oxide O-2
100%
Silver Ag+1
50%
Beryllium Be+2
50%
Bismuth Bi+3
50%
Bromide Br-
50%
Carbide C-4
50%
Calcium Ca+2
50%
Cadmium Cd+2
50%
Aluminum Al+3
50%
Fluoride F-
50%
Iodide I-
50%
Magnesium Mg+2
50%
Nitride N-3
50%
Sodium Na+1
50%
Nickel Ni+2
50%
Phosphide P-3
50%
Sulfide S-2
50%
Strontium Sr+2
50%
Zinc Zn+2
50%
Mercury 2(Hg)+2Hg+2
0%
Chromium Cr+2Cr+3
0%
Copper Cu+Cu+2
0%
Iron Fe+2Fe+3
0%
Manganese Mn+2Mn+4
0%
Lead Pb+2Pb+4
0%
Tin Sn+2Sn+4
0%
No matching quizzes found
Score Distribution
Percent of People with Each Score
Percentile by Number Answered
Your Score History
You have not taken this quiz